A Man of Vision & Mission: (Record no. 216849)

MARC details
000 -LEADER
fixed length control field 00668nam a22002057a 4500
005 - DATE AND TIME OF LATEST TRANSACTION
control field 20260703110551.0
010 ## - LCCN (DPL NO)
LC control number ENG-148976
020 ## - INTERNATIONAL STANDARD BOOK NUMBER
International Standard Book Number 9788197393969
Terms of availability 150.00
035 ## - SYSTEM CONTROL NUMBER
System control number EN-132508
037 ## - SOURCE OF ACQUISITION
Source of stock number/acquisition DBAD
082 ## - DEWEY DECIMAL CLASSIFICATION NUMBER
Classification number 921
Edition number 1
100 ## - MAIN ENTRY--PERSONAL NAME
Personal name Mishra, Ankit
245 ## - TITLE STATEMENT
Title A Man of Vision & Mission:
Remainder of title Prof. Dr. K.P. Yadav/
Statement of responsibility, etc Ankit Mishra
250 ## - EDITION STATEMENT
Edition statement 1
260 ## - PUBLICATION, DISTRIBUTION, ETC. (IMPRINT)
Place of publication, distribution, etc Chhattisgrah
Name of publisher, distributor, etc Aditi Publication
Date of publication, distribution, etc 2024
270 ## - ADDRESS
Address Aditi Publication Opp.New Panchajanya Vidya Mandir, Near Tiranga Chowk, Kushalpur,Raipur, Chhattisgrah,INDIA
City Raipur
Telephone number +91 9425210308
300 ## - PHYSICAL DESCRIPTION
Extent 399p.
Dimensions 21cm(pb)
760 ## - MAIN SERIES ENTRY
Edition 1
942 ## - ADDED ENTRY ELEMENTS (KOHA)
Source of classification or shelving scheme Dewey Decimal Classification
Item type English Books
Classification part 921
Call number suffix MIS
Edition 1
Holdings
Withdrawn status Lost status Not for loan Collection code Home library Current library Date acquired Source of acquisition Cost, normal purchase price Full call number Barcode Copy number Cost, replacement price Koha item type
    Not For Loan Non-fiction D.B.Act.Division D.B.Act.Division 03/07/2026 Delivery of Books Act Division 150.00 921 MIS EN-132508 1 150.00 English Books

© Delhi Public Library
Hit Counter
free hit counter